Prénoms Des Hommes Les Plus Cités Dans La Bible - Statistiques

Statistiques générales
  • Ce quiz a été pris 782 fois
  • Le résultat moyen est 5 sur 10
Statistiques - réponses
Nombre de Citations Prénoms % Correct
814 Moïse
79%
308 Abraham
76%
961 David
69%
218 Joseph
66%
299 Salomon
52%
358 Jacob
49%
131 Isaac
47%
216 Josué
25%
371 Saül
24%
320 Aaron
20%
Aucun quiz correspondant
Distribution des résultats
% des personnes avec chaque résultat
Percentile par nombre de réponses
Votre historique - résultats
Vous n’avez pas pris ce quiz